000 00761nam a2200241 a 4500
008
020 _a0256145466 (pbk.)
049 _aMAIN
090 _aHF5718.22
100 1 _aHanson, Garth A.
245 1 0 _aSay it right :
_ba guide to effective oral business presentations /
_cGarth A. Hanson, Kaye T. Hanson, Ted D. Stoddard.
260 _aChicago, Ill. :
_bIrwin,
_cc1995.
300 _axvi, 287 p. :
_bill. ;
_c24 cm.
504 _aIncludes bibliographical references.
650 0 _aBusiness presentations.
700 1 _aHanson, Kaye T.
700 1 _aStoddard, Ted D.
907 _a.b10116734
_b29-01-07
_c02-04-04
003
005 20230120193601.0
040 _cNUST
942 _cBOOKS
_kHF5718.22
999 _c101710
_d101710